| 000 | 00564nam a22001577a 4500 | ||
|---|---|---|---|
| 003 | OSt | ||
| 005 | 20151117154845.0 | ||
| 008 | 151117b xxu||||| |||| 00| 0 eng d | ||
| 040 | _cRUA | ||
| 082 | _aFIS ឌុល 1991 B145 Or.1 | ||
| 100 |
_93818 _aឌុល សំំអាង |
||
| 245 | _aស្ថានភាពអនុវត្តផែនការអាជីវកម្មនេសាទរបស់អង្គផាពនេសាទរដ្ឋលើកដែក | ||
| 260 |
_aPhnom Penh _bRUA _c1991 |
||
| 300 |
_a83p. _bill. _c29cm. |
||
| 942 |
_2ddc _cFIS |
||
| 999 |
_c3551 _d3551 |
||